| 000 | 00930cam a2200277 i 4500 | ||
|---|---|---|---|
| 001 | bg | ||
| 003 | BPK | ||
| 005 | 20200102143921.0 | ||
| 008 | 071107s1967 pl a f f |000 0 pol | ||
| 015 | _aPB 1967/2997 | ||
| 040 |
_aWA N _cBPK |
||
| 080 | _a621.791/.795 | ||
| 080 | _a(07) | ||
| 100 | 1 |
_aDobrowolski, Zygmunt _d(1891-1981). |
|
| 245 | 1 | 0 |
_aPodręcznik spawalnictwa / _cZygmunt Dobrowolski. |
| 250 | _aWyd. 6 popr. i uzup. | ||
| 260 |
_aWarszawa : _bWydawnictwa Naukowo-Techniczne, _c1967. |
||
| 300 |
_a314, [2] s. : _bil. ; _c23 cm. |
||
| 504 | _aBibliogr. | ||
| 521 | 8 | _aDla słuchaczy technikum mechan. i politechniki oraz inżynierów i techników. | |
| 655 | 4 | _aPodręcznik | |
| 650 | 4 | _aSpawalnictwo | |
| 710 | 2 |
_aWydawnictwa Naukowo-Techniczne _4pbl. |
|
| 856 |
_uhttp://koha.tu.koszalin.pl/cgi-bin/koha/opac-detail.pl?biblionumber=7777 _yKatalog online BPK |
||
| 942 |
_2UKD _cKS |
||
| 999 |
_c7777 _d7777 |
||